Detalles MARC
| 000 -CABECERA |
| campo de control de longitud fija |
01558nam a2200373 i 4500 |
| 001 - NÚMERO DE CONTROL |
| campo de control |
991061597625206706 |
| 003 - IDENTIFICADOR DEL NÚMERO DE CONTROL |
| campo de control |
ES-BaIT |
| 005 - FECHA Y HORA DE LA ÚLTIMA TRANSACCIÓN |
| campo de control |
20260130114945.0 |
| 008 - DATOS DE LONGITUD FIJA--INFORMACIÓN GENERAL |
| campo de control de longitud fija |
260130q17901800xx |||||| 000 d|spa|c |
| 040 ## - FUENTE DE LA CATALOGACIÓN |
| Centro catalogador/agencia de origen |
ES-BaIT |
| Lengua de catalogación |
cat |
| Normas de descripción |
rda |
| Centro/agencia transcriptor |
ES-BaIT |
| 080 ## - NÚMERO DE LA CLASIFICACIÓN DECIMAL UNIVERSAL |
| Número de la Clasificación Decimal Universal |
860-2"17" |
| 100 1# - ENTRADA PRINCIPAL--NOMBRE DE PERSONA |
| Nombre de persona |
Castro, José Julián de |
| Término indicativo de función/relación |
autor |
| 9 (RLIN) |
162712 |
| 245 10 - MENCIÓN DE TÍTULO |
| Título |
Entremes Los indianos de hilo negro / |
| Mención de responsabilidad, etc. |
de don Josef Julian de Castro |
| 246 3# - FORMA VARIANTE DE TÍTULO |
| Título propio/Titulo breve |
Los Indianos de hilo negro |
| 264 #1 - PRODUCCIÓN, PUBLICACIÓN, DISTRIBUCIÓN, FABRICACIÓN Y COPYRIGHT |
| Producción, publicación, distribución, fabricación y copyright |
[Lloc de publicació no identificat] : |
| Nombre del de productor, editor, distribuidor, fabricante |
[editor no identificat], |
| Fecha de producción, publicación, distribución, fabricación o copyright |
[entre 1790 i 1800?] |
| 300 ## - DESCRIPCIÓN FÍSICA |
| Extensión |
15 pàgines ; |
| Dimensiones |
8º (16 cm) |
| 336 ## - TIPO DE CONTENIDO |
| Término de tipo de contenido |
text |
| Código de tipo de contenido |
txt |
| Fuente |
rdacontent |
| 337 ## - TIPO DE MEDIO |
| Nombre/término del tipo de medio |
sense mediació |
| Código del tipo de medio |
n |
| Fuente |
rdamedia |
| 338 ## - TIPO DE SOPORTE |
| Nombre/término del tipo de soporte |
volum |
| Código del tipo de soporte |
nc |
| Fuente |
rdacarrier |
| 500 ## - NOTA GENERAL |
| Nota general |
Títol obtingut de l'epígraf |
| 500 ## - NOTA GENERAL |
| Nota general |
Data aproximada deduïda de l'edició de la Librería de Quiroga de 1793, ja que la impressió és la mateixa, però aquesta sense el colofó amb les dades d'edició |
| 500 ## - NOTA GENERAL |
| Nota general |
30 lín. i reclams |
| 500 ## - NOTA GENERAL |
| Nota general |
P8: D3, H5 |
| 533 ## - NOTA DE REPRODUCCIÓN |
| Tipo de reproducción |
Reproducció digital disponible a Biblioescènic |
| 593 ## - Camps col·lecció exemplar |
| Signatura topogràfica i/o núm. de registre |
VIT-083/02. |
| Notes |
Relligat en volum factici. |
| Digitalització |
Exemplar digitalitzat per Crossland. |
| Nom de la col·lecció especial |
Artur Sedó |
| 650 #4 - PUNTO DE ACCESO ADICIONAL DE MATERIA--TÉRMINO DE MATERIA |
| Término de materia o nombre geográfico como elemento de entrada |
Entremesos |
| Subdivisión cronológica |
S. XVIII |
| 9 (RLIN) |
162695 |
| 730 0# - ENTRADA AGREGADA--TÍTULO UNIFORME |
| Título uniforme |
Col·lecció digital Biblioescènic del MAE |
| 856 41 - LOCALIZACIÓN Y ACCESO ELECTRÓNICOS |
| Nota pública |
Accés lliure (Biblioescènic) |
| Especificación de materiales |
Exemplar VIT-083/02 |
| Identificador Uniforme del Recurso |
<a href="https://books.cdmae.cat/visorpdf/?recurs=SV0083-02">https://books.cdmae.cat/visorpdf/?recurs=SV0083-02</a> |
| 902 ## - ELEMENTOS DE DATOS B LOCAL, LDB (RLIN) |
| a |
Patrimoni |
| 908 ## - COLOCAR PARÁMETRO DE COMANDO (RLIN) |
| Colocar parámetro de comando |
CDMAE |
| 940 ## - EQUIVALENCIA O REFERENCIA-CRUZADA--TÍTULO UNIFORME [OBSOLETO] [solamente CAN/MARC] |
| Título uniforme |
<a href="CDMAE">CDMAE</a> |
| 942 ## - ELEMENTOS DE ENTRADA AGREGADA (KOHA) |
| Fuente del sistema de clasificación o colocación |
Clasificación decimal universal |
| Tipo de ítem Koha |
Digital |